000 00598cam a2200181 a 4500
001 000011284
005 20200929162417.0
008 921022s1986 cu b 000 0 spa
040 _aDO-SdBNP
_bspa
_cBNPHU
082 _a610.9
_bL864c
100 1 _aLópez Sánchez, José,
_d1911-
_926873
245 1 0 _aCiencia y medicina :
_bhistoria de las ciencias /
_cJosé López Sánchez.
260 _aLa Habana :
_bCientífico-Técnica,
_c1986.
300 _a409 p. ;
_c24 cm.
504 _aBibliográfia p: 405-406
650 4 _aMedicina
_zCuba
_xHistoria.
_926874
650 4 _aMedicina
_zCuba
_xHistoria.
_926874
999 _c10999
_d10999